| 000 | 01188nam a2200349 i 4500 | ||
|---|---|---|---|
| 001 | bg | ||
| 003 | KOSZ 005 | ||
| 005 | 20221117144141.0 | ||
| 008 | 071001s1968 pl f 001 0 pol | ||
| 015 | _aPB 1968/7016 | ||
| 040 |
_aWA N _cKOSZ 005/RW _dKOSZ 005/RW _dKOSZ 005/HR |
||
| 041 | 1 |
_apol _heng |
|
| 046 | _k1968 | ||
| 080 | _a004.438 | ||
| 100 | 1 |
_aPaszkowski, Stefan _eAutor |
|
| 245 | 1 | 0 |
_aJęzyk ALGOL 60 / _cStefan Paszkowski. |
| 250 | _aWyd. 2 popr. i uzup. | ||
| 260 |
_aWarszawa : _bPaństwowe Wydawnictwo Naukowe, _c1968. |
||
| 300 |
_a267, [1] s. ; _c24 cm. |
||
| 380 | _aKsiążki. | ||
| 388 | _a1901- | ||
| 501 | _aZawiera również: Opis języka algorytmicznego ALGOL 60 / J.W. Backus. | ||
| 504 | _aIndeks. | ||
| 546 | _aTekst częśc. tł. z ang. | ||
| 658 | _aInformatyka i technologie informacyjne | ||
| 655 | 4 | _aPodręcznik | |
| 650 | 4 | _aALGOL (język programowania) | |
| 700 | 1 | 2 |
_aBackus, J. W. _tOpis języka algorytmicznego ALGOL 60. |
| 710 | 2 |
_aPaństwowe Wydawnictwo Naukowe _4pbl. |
|
| 856 |
_uhttp://koha.tu.koszalin.pl/cgi-bin/koha/opac-detail.pl?biblionumber=11388 _yKatalog online BPK |
||
| 942 |
_2UKD _cKS |
||
| 999 |
_c11388 _d11388 |
||